Kĩ thuật đo lường các đại lượng vật lý. Tập 1

Đã lưu trong:
Bibliografiske detaljer
Hovedforfatter:  Phạm Thượng Hàn
Format: Sách
Sprog:Undetermined
Udgivet:  Giáo dục  2009
Fag:
Tags: Tilføj Tag
Ingen Tags, Vær først til at tagge denne postø!
Thư viện lưu trữ: Trung tâm Thư viện - Trường Đại học Công nghiệp TP. Hồ Chí Minh
LEADER 00549nam a2200157Ia 4500
001 UIH_03364
008 231011s9999 xx 000 0 und d
082 |a  530.8 
100 |a  Phạm Thượng Hàn 
245 0 |a  Kĩ thuật đo lường các đại lượng vật lý. Tập 1 
245 0 |c  Phạm Thượng Hàn 
260 |b  Giáo dục 
260 |c  2009 
650 |a  Đo lường vật lý;  
927 |a Sách 
980 |a Trung tâm Thư viện - Trường Đại học Công nghiệp TP. Hồ Chí Minh